Blockchain for Enterprise Application Developers (Record no. 13396)

MARC details
000 -LEADER
fixed length control field 00497nam a22001817a 4500
003 - CONTROL NUMBER IDENTIFIER
control field OSt
008 - FIXED-LENGTH DATA ELEMENTS--GENERAL INFORMATION
fixed length control field 250423b |||||||| |||| 00| 0 eng d
020 ## - INTERNATIONAL STANDARD BOOK NUMBER
International Standard Book Number 9788126599967
082 ## - DEWEY DECIMAL CLASSIFICATION NUMBER
Classification number 005.74 CHB
100 ## - MAIN ENTRY--PERSONAL NAME
Personal name CHUDHARI,Ambadas Tulajadas
245 ## - TITLE STATEMENT
Title Blockchain for Enterprise Application Developers
250 ## - EDITION STATEMENT
Edition statement 1st Ed
260 ## - PUBLICATION, DISTRIBUTION, ETC. (IMPRINT)
Place of publication, distribution, etc New Delhi
Name of publisher, distributor, etc Wiley
Date of publication, distribution, etc 2020
300 ## - PHYSICAL DESCRIPTION
Extent 312
650 ## - SUBJECT ADDED ENTRY--TOPICAL TERM
Topical term or geographic name as entry element Blockchain for Enterprise Application Developers
700 ## - ADDED ENTRY--PERSONAL NAME
Personal name ARIFF,Arshad Sarfarz
942 ## - ADDED ENTRY ELEMENTS (KOHA)
Source of classification or shelving scheme Dewey Decimal Classification
Koha item type Text Books
Holdings
Withdrawn status Lost status Source of classification or shelving scheme Damaged status Not for loan Collection code Home library Current library Date acquired Source of acquisition Currency Cost, normal purchase price Bill Number Total Checkouts Full call number Acc. no. / Barcode Date last seen Actual Cost, discounted price Bill Date Koha item type
    Dewey Decimal Classification     MCA PIET C-LIBRARY PIET C-LIBRARY 16/04/2025 Zaffa Books INR 679.00 ZBD0052   005.74 CHB 39499 23/04/2025 492.27 16/04/2025 Reference Books
    Dewey Decimal Classification     MCA PIET C-LIBRARY PIET C-LIBRARY 16/04/2025 Zaffa Books INR 679.00 ZBD0052   005.74 CHB 39500 23/04/2025 492.27 16/04/2025 Text Books
    Dewey Decimal Classification     MCA PIET C-LIBRARY PIET C-LIBRARY 16/04/2025 Zaffa Books INR 679.00 ZBD0052   005.74 CHB 39501 23/04/2025 492.27 16/04/2025 Text Books
    Dewey Decimal Classification     MCA PIET C-LIBRARY PIET C-LIBRARY 16/04/2025 Zaffa Books INR 679.00 ZBD0052   005.74 CHB 39502 23/04/2025 492.27 16/04/2025 Text Books
    Dewey Decimal Classification     MCA PIET C-LIBRARY PIET C-LIBRARY 16/04/2025 Zaffa Books INR 679.00 ZBD0052   005.74 CHB 39503 23/04/2025 492.27 16/04/2025 Text Books

Design & Developed by: PIET Central Library
R70 Miles Stone Pattikalyana Samalkha Panipat 132102
mail ID :- [email protected], Phone No:- 0180-2569700 Ex.216